|
|
|
|
| LEADER |
00000nab a2200000 a 4500 |
| 001 |
vtls000837981 |
| 003 |
SK-MaSNL |
| 005 |
20260303172356.0 |
| 008 |
140402c xo 0 slo |
| 015 |
|
|
|a SNBRB2003/06-17543
|
| 035 |
|
|
|a CLN000189636
|
| 040 |
|
|
|a SNKBUCL
|b slo
|c SNKBUCL
|e AACR2
|
| 041 |
0 |
|
|a slo
|
| 044 |
|
|
|a xo
|c SK
|
| 080 |
|
|
|a 943.71/.72
|x "1945"
|2 1981
|
| 080 |
|
|
|a 940.53
|2 1981
|
| 080 |
|
|
|a 355.48
|x (437.1/.2)
|x "1945"
|2 1981
|
| 245 |
0 |
0 |
|a Vojnová tragédia v Břeclavi
|
| 300 |
|
|
|a Fotogr.
|
| 648 |
|
7 |
|a 25.1.1945
|2 snkbucl
|9 1197767
|
| 648 |
|
7 |
|a 1945
|2 snkbucl
|9 287702
|
| 650 |
0 |
7 |
|a druhá svetová vojna (1939-1945)
|2 snkbucl
|9 169657
|
| 651 |
|
7 |
|a Břeclav (Česko)
|2 snkbucl
|9 31129
|
| 773 |
0 |
|
|t Bojovník
|g Roč. 28(47), č. 8 (2003), s. 6
|x 0323-2018
|
| 850 |
|
|
|a Slovenská národná knižnica v Martine
|
| 852 |
|
|
|a SNK
|b KIS3GCP
|
| 958 |
|
7 |
|a CZ
|
| 999 |
|
|
|c 2086190
|d 2088120
|